| 000 | 00608nam a2200217 a 4500 | ||
|---|---|---|---|
| 001 | 83688 | ||
| 003 | BD-RjUL | ||
| 005 | 20240508130740.0 | ||
| 008 | 240508r19511946enk 000 0 eng d | ||
| 035 | _a(BD-RjUL)83688 | ||
| 040 |
_aHRZ _beng _cBD-RjUL |
||
| 041 | _aeng | ||
| 082 |
_223 _a823 _bTRD 1951 |
||
| 100 | 1 |
_aTrollope, Anthony, _d1815-1882 |
|
| 245 | 1 | 4 |
_aThe Duke's children / _cby Anthony Trollope. |
| 260 |
_aLondon : _bOxford University Press, _c1946, [reprinted 1951] |
||
| 300 |
_ax, 379 p. ; _c16 cm. |
||
| 650 | _aEnglish fiction | ||
| 830 | 0 |
_aWorld's classics ; _v462 |
|
| 942 |
_2ddc _cBK |
||
| 999 |
_c83688 _d83688 |
||